Statistiken für Moderne Länder des damaligen römischen Reiches

Klicken Sie hier um das Quiz zu spielen!

Allgemein

  • Dieses Quiz wurde 179 mal gespielt
    (175 seit der letzten Aktualisierung)
  • Das Durchschnittsergebnis liegt bei 38 aus 46

Antwortstatistiken

Länder% Korrekt
Deutschland
97%
Italien
96%
Italien
96%
Österreich
96%
Frankreich
95%
Kroatien
95%
Schweiz
95%
Spanien
95%
Ägypten
93%
Portugal
93%
Vatikanstadt
93%
Griechenland
92%
Türkei
92%
Marokko
91%
Slowenien
91%
Israel
90%
Serbien
90%
Albanien
89%
Bulgarien
88%
San Marino
88%
Tunesien
88%
Algerien
87%
Andorra
86%
Belgien
86%
Liechtenstein
86%
Rumänien
86%
Ungarn
85%
Niederlande
84%
Montenegro
82%
Slowakei
82%
Syrien
82%
Irak
80%
Kosovo
80%
Libyen
80%
Monaco
80%
Großbritannien
79%
Iran
79%
Nordmazedonien
78%
Zypern
75%
Jordanien
73%
Ukraine
73%
Georgien
70%
Libanon
70%
Armenien
67%
Aserbaidschan
61%
Bosnien und Herzogowina
5%

Verteilung der Resultate

Perzentil nach korrekt beantworteten Fragen

Anzahl Personen mit jedem Resultat

Ihre Resultats-Entwicklung

Sie haben dieses Quiz seit der letzten Aktualisierung nicht gespielt